Ihnâsya El-Medina (Herakleopolis Magna) : its importance and its role in Pharaonic history /
محفوظ في:
المؤلف الرئيسي:
التنسيق: كتاب
اللغة: English
الموضوعات:
الوسوم: إضافة وسم
لا توجد وسوم, كن أول من يضع وسما على هذه التسجيلة!
رقم الطلب: ( F )PJ25 .B6 M64 1957
| LEADER | 00735namaa2200229 4500 | ||
|---|---|---|---|
| 001 | 12836 | ||
| 003 | OSt | ||
| 005 | 20260427085510.0 | ||
| 008 | 130303s1957 ua abf b 001 0 eng d | ||
| 010 | |a 86138216 | ||
| 040 | |c ARCE Library | ||
| 043 | |a f-ua--- | ||
| 050 | 4 | |a ( F )PJ25 .B6 M64 1957 | |
| 100 | 1 | |a Mokhtar, Mohamed Gamal el Din, |d 1918- |e author | |
| 245 | 1 | 0 | |a Ihnâsya El-Medina (Herakleopolis Magna) : |b its importance and its role in Pharaonic history / |c Mohamed Gamal el-Din. |
| 264 | 1 | |a Cairo, |c 1957. | |
| 300 | |a xiv, 274 pages : |b illustrations, maps, plates ; |c 34 cm. | ||
| 651 | 0 | |a Egypt |x Antiquities. | |
| 651 | 0 | |a Heracleopolis Magna (Extinct city) |9 16638 | |
| 901 | |a reviewed | ||
| 942 | |c BK |2 lcc | ||
| 999 | |c 11409 |d 11409 | ||
